Υιοθέτηση διαδικασιών green logistics στη β. Ελλάδα : υφιστάμενη κατάσταση και μελλοντικές τάσεις : πτυχιακή εργασία

Αποθηκεύτηκε σε:
Λεπτομέρειες βιβλιογραφικής εγγραφής
Κύριος συγγραφέας: Γκόρλας, Δημήτριος
Συγγραφή απο Οργανισμό/Αρχή: Πανεπιστήμιο Αιγαίου Τμήμα Μηχανικών Οικονομίας και Διοίκησης - Τ.Μ.Ο.Δ. Σχολή Επιστημών της Διοίκησης
Άλλοι συγγραφείς: Ζεϊμπέκης, Βασίλειος
Μορφή: Thesis Βιβλίο
Γλώσσα:Greek
Δημοσίευση: 2012
Θέματα:
Διαθέσιμο Online:http://hdl.handle.net/11610/8346
Ετικέτες: Προσθήκη ετικέτας
Δεν υπάρχουν, Καταχωρήστε ετικέτα πρώτοι!

MARC

LEADER 00000cam a2200000 i 4500
001 1/37651
008 131024s2012 gre d
035 |l 10115874 
040 |a GR-MY-UA  |b gre  |e aacr 
041 0 |a gre 
082 0 |a 658.78  |2 (22) 
100 1 |a Γκόρλας, Δημήτριος. 
245 1 0 |a Υιοθέτηση διαδικασιών green logistics στη β. Ελλάδα :  |b υφιστάμενη κατάσταση και μελλοντικές τάσεις : πτυχιακή εργασία /  |c Γκόρλας Δημήτριος ; επιβλέπων: Ζεϊμπέκης Βασίλειος 
260 |c 2012 
300 |a 113 σ.;  |b πίν., διαγρ.;  |c 30 εκ. 
502 # # |a Πτυχιακή εργασία – Πανεπιστήμιο Αιγαίου, Χίος, 2012. 
504 |a Περιλαμβάνει βιβλιογραφία 
650 0 0 |a Business logistics. 
650 0 0 |a Production management. 
650 0 0 |a Business enterprises. 
650 0 0 |a Strategic planning. 
650 0 0 |a Dissertations, Academic  |z Greece. 
700 1 |a Ζεϊμπέκης, Βασίλειος. 
710 1 |a Πανεπιστήμιο Αιγαίου Τμήμα Μηχανικών Οικονομίας και Διοίκησης - Τ.Μ.Ο.Δ.  |b Σχολή Επιστημών της Διοίκησης. 
852 |a INST  |b CHIOS  |c DIATR  |e 20131024  |h 658.78 ΓΚΟ  |p 005200034329  |q 005200034329  |t DIE  |y 23 
852 |a INST  |b CHIOS  |c DIATR  |e 20131024  |h 658.78 ΓΚΟ  |p 005200034330  |q 005200034330  |t DIE  |y 23 
856 |u http://hdl.handle.net/11610/8346 
901 |a BIBL2-2013-3 
909 |a Χ  |b 169339 
909 |a Χ  |b 169340 
924 |a ΓΚΟΡΛΑΣ  |b ΔΗΜΗΤΡΙΟΣ  |y ΧΙΟΣ  |z 2012-05 
970 |a ΠΑΡΟΙΚΑΚΗ  |b ΒΑΣΙΛΙΚΗ  |z 2013/10/24